Obras completas del P. Luis Coloma S.J. /
Uloženo v:
| Hlavní autor: | |
|---|---|
| Médium: | Kniha |
| Jazyk: | španělština |
| Vydáno: |
Madrid, España : Bilbao, España :
Razón y Fe ; El Mensajero del Corazón de Jesús,
1943, c1943
|
| Témata: | |
| Tagy: |
Žádné tagy, Buďte první, kdo vytvoří štítek k tomuto záznamu!
|
MARC
| LEADER | 00000nam^a2200000^a^4500 | ||
|---|---|---|---|
| 001 | 000380212 | ||
| 005 | 20250521000000.0 | ||
| 009 | 20260310120549.935 | ||
| 037 | |a Acervo Xavier Clavigero | ||
| 041 | |a ESP | ||
| 082 | |a 863. |b COL | ||
| 100 | |a Coloma, Luis |e (autor) | ||
| 240 | 1 | 1 | |a [Lecturas recreativas] |
| 240 | 1 | 1 | |a [Solaces de un estudiante] |
| 240 | 1 | 1 | |a [Cuadros de costumbres populares] |
| 240 | 1 | 4 | |a [La resignación perfecta] |
| 240 | 1 | 1 | |a [Historias varias] |
| 240 | 1 | 4 | |a [Un milagro] |
| 240 | 1 | 1 | |a [Pinceladas del natural] |
| 240 | 1 | 1 | |a [Maledicencia] |
| 240 | 1 | 1 | |a [Nuevas pinceladas] |
| 240 | 1 | 1 | |a [Cuentos para niños] |
| 240 | 1 | 1 | |a [Pequeñeces] |
| 240 | 1 | 1 | |a [Retrato de Antaño] |
| 240 | 1 | 4 | |a [La reina mártir] |
| 240 | 1 | 1 | |a [Historia de las sagradas reliquias de San Francisco de Borja] |
| 240 | 1 | 4 | |a [Ejercicios espirituales a S.M. el rey Don Alfonso XIII antes de su coronación] |
| 240 | 1 | 1 | |a [Jeromín] |
| 240 | 1 | 4 | |a [El marqués de Mora] |
| 240 | 1 | 4 | |a [El autor de "Fray Gerundio"] |
| 240 | 1 | 1 | |a [Boy] |
| 240 | 1 | 1 | |a [Recuerdos de Fernán Caballero] |
| 240 | 1 | 1 | |a [Fray Francisco] |
| 245 | 1 | 0 | |a Obras completas del P. Luis Coloma S.J. / |c L. Coloma. |
| 264 | 4 | |a Madrid, España : |b Razón y Fe ; |a Bilbao, España : |b El Mensajero del Corazón de Jesús, |c 1943, c1943 | |
| 300 | |a LXVIII, 1702 p. | ||
| 336 | |a texto |b txt |2 rdacontenido | ||
| 337 | |a sin mediación |b n |2 rdamedio | ||
| 338 | |a volumen |b nc |2 rdasoporte | ||
| 545 | 0 | |a Luis Coloma (1851-1914), escritor y periodista español perteneciente a la Compañía de Jesús; abogado de formación, desde la tribuna periodística defendió la restauración borbónica. Escribió narraciones cortas, cuentos de carácter folklórico y novelas de ficción histórica; su narrativa comenzó siguiendo las líneas del costumbrismo, en un realismo dulce y tierno; posteriormente adoptó el naturalismo. Cualquiera que fuera su técnica, a través de la prensa y de la literatura criticó duramente la sociedad española, particularmente a la aristocracia. Mezcló este conocimiento de las costumbres de su época con su profunda religiosidad, por lo que algunos de sus textos son de corte moralista. En un cuento escrito a finales del siglo XIX, dedicado al entonces infante Alfonso (quien posteriormente se convertiría en el rey Alfonso XIII de España), popularizó en el imaginario español al Ratón Pérez (el ratoncito de los dientes de México). Algunas de sus obras son los cuentos infantiles se encuentran Ajajú y Periquillo sin miedo; los cuentos políticos-sociales, Medio Juan y Juan y Medio; Por un piojo; Caín; Mal alma; La Gorriona y Era un santo; las novelas Pequeñeces; Boy; La reina mártir y Jeromín. | |
| 561 | |a Ex libris de Instituto de Literatura Puente Grande, Jal. | ||
| 561 | |a Ex libris de Bibl. Magnopontanae Domus Scti. Ioseph. Prov. Mex. Sept. S.I | ||
| 561 | |a Ex libris de Bibl. Iunioratus Dom. Prob. S. Ioseph | ||
| 649 | |a XX | ||
| 650 | |a Cuentos Españoles | ||
| 650 | |a Novela Española | ||
| 650 | |a Sátira Española | ||
| 650 | |a Literatura Costumbrista - |z España | ||
| 650 | |a Literatura Española - |y Siglo XIX | ||
| 650 | |a Naturalismo en la Literatura - |z España | ||
| 650 | |a Madrid, España en la Literatura | ||
| 740 | 0 | |a Solaces de un estudiante / |c L. Coloma. | |
| 740 | 0 | |a Lecturas recreativas : |b Cuadros de costumbres populares / |c L. Coloma. | |
| 740 | 0 | |a Lecturas recreativas : |b Historias varias / |c L. Coloma. | |
| 740 | 0 | |a Lecturas recreativas : |b Pinceladas del natural / |c L. Coloma. | |
| 740 | 0 | |a Lecturas recreativas : |b Nuevas pinceladas / |c L. Coloma. | |
| 740 | 0 | |a Lecturas recreativas : |b Cuentos para niños / |c L. Coloma. | |
| 740 | 0 | |a Pequeñeces... / |c L. Coloma. | |
| 740 | 0 | |a Retraos de antaño / |c L. Coloma. | |
| 740 | 3 | |a La reina mártir / |c L. Coloma. | |
| 740 | 0 | |a Historia de las sagradas reliquias de San Francisco de Borja / |c L. Coloma. | |
| 740 | 0 | |a Ejercicios espirituales a S.M. el rey Don Alfonso XIII antes de su coronación / |c L. Coloma. | |
| 740 | 0 | |a Jeromín / |c L. Coloma. | |
| 740 | 3 | |a El marqués de Mora / |c L. Coloma. | |
| 740 | 3 | |a El autor de "Fray Gerundio" / |c L. Coloma. | |
| 740 | 0 | |a Boy / |c L. Coloma. | |
| 740 | 0 | |a Recuerdos de Fernán Caballero / |c L. Coloma. | |
| 740 | 0 | |a Fray Francisco / |c L. Coloma. | |
| 910 | |a Fondo General | ||
| 920 | |a Impresos - Libros | ||
| 930 | |a Colección General | ||
| 940 | |a Literatura | ||
| 905 | |a 101 | ||
| 901 | |a 009958 |b IT1 |c LIT |u 20250521 | ||
| 902 | |a https://opac.biblio.iteso.mx/vufind/Record/000380212 | ||